Тенденции в развитии инвестиционных процессов Томской области; Энергия молодых - экономике России; Ч. 3

Bibliographic Details
Parent link:Энергия молодых - экономике России: труды IX Международной научно-практической конференции студентов и молодых ученых, г. Томск, 19-22 мая 2008 г./ Томский политехнический университет (ТПУ) ; Вольное экономическое общество России ; Международный союз экономистов (МСЭ).— , 2008
Ч. 3.— 2008.— С. 199-201
Main Author: Саленко М. А.
Other Authors: Никулина И. Е. (научный руководитель)
Language:Russian
Published: 2008
Subjects:
Format: Book Chapter
KOHA link:https://koha.lib.tpu.ru/cgi-bin/koha/opac-detail.pl?biblionumber=160800

MARC

LEADER 00000naa2a2200000 4500
001 160800
005 20231031155700.0
035 |a (RuTPU)RU\TPU\book\174391 
090 |a 160800 
100 |a 20090528d2008 k y0rusy50 ca 
101 0 |a rus 
102 |a RU 
200 1 |a Тенденции в развитии инвестиционных процессов Томской области  |f М. А. Саленко  |g науч. рук. И. Е. Никулина 
320 |a Библиогр.: 4 назв. 
461 1 |0 (RuTPU)RU\TPU\book\166087  |t Энергия молодых - экономике России  |o труды IX Международной научно-практической конференции студентов и молодых ученых, г. Томск, 19-22 мая 2008 г.  |f Томский политехнический университет (ТПУ) ; Вольное экономическое общество России ; Международный союз экономистов (МСЭ)  |d 2008 
463 0 |0 (RuTPU)RU\TPU\book\164805  |t Ч. 3  |v С. 199-201  |d 2008 
610 1 |a инвестирование 
610 1 |a инвестиции 
610 1 |a Томская область 
610 1 |a основной капитал 
610 1 |a труды учёных ТПУ 
700 1 |a Саленко  |b М. А. 
702 1 |a Никулина  |b И. Е.  |4 727 
801 1 |a RU  |b 63413507  |c 20090528  |g PSBO 
801 2 |a RU  |b 63413507  |c 20161124  |g RCR 
942 |c BK